BUBT Library Online Catalog

টেকনিক অব বেইল সাবমিশন : (Record no. 7051)

000 -LEADER
fixed length control field 00839nam a22002057a 4500
003 - CONTROL NUMBER IDENTIFIER
control field BUBTL
008 - FIXED-LENGTH DATA ELEMENTS--GENERAL INFORMATION
fixed length control field 230604b ||||| |||| 00| 0 eng d
020 ## - INTERNATIONAL STANDARD BOOK NUMBER
International Standard Book Number 9789843492043
082 ## - DEWEY DECIMAL CLASSIFICATION NUMBER
Classification number 345.056/ Ah52t/ 2020
100 ## - MAIN ENTRY--PERSONAL NAME
9 (RLIN) 5322
Personal name আহমেদ, এম আলী
245 ## - TITLE STATEMENT
Title টেকনিক অব বেইল সাবমিশন :
Remainder of title (ফৌজদারি ও দেওয়ানি মামলা) /
Statement of responsibility, etc. এম আলী আহমেদ
250 ## - EDITION STATEMENT
Edition statement 1st ed.
260 ## - PUBLICATION, DISTRIBUTION, ETC. (IMPRINT)
Place of publication, distribution, etc. ঢাকা :
Name of publisher, distributor, etc. জুডিকেচার পাবলিকেশন,
Date of publication, distribution, etc. c2020
300 ## - PHYSICAL DESCRIPTION
Extent 511 p.:
Dimensions 24 cm.
505 ## - FORMATTED CONTENTS NOTE
Formatted contents note টেকনিক অব বেইল সাবমিশন, এম আলী আহমেদ, Law
650 #0 - SUBJECT ADDED ENTRY--TOPICAL TERM
9 (RLIN) 26
Topical term or geographic name as entry element Law
856 ## - ELECTRONIC LOCATION AND ACCESS
Password 0
Logon 0
Link text Download
942 ## - ADDED ENTRY ELEMENTS (KOHA)
Source of classification or shelving scheme
Koha item type Books
Holdings
Withdrawn status Lost status Source of classification or shelving scheme Damaged status Not for loan Collection code Permanent location Current location Shelving location Date acquired Source of acquisition Inventory number Total Checkouts Full call number Barcode Date last seen Copy number Price effective from Koha item type
        Not For Loan Non-fiction Bangladesh University of Business and Technology Library Bangladesh University of Business and Technology Library Law Stacks 05/25/2023 Purchase 29470   345.056/ Ah52t/ 2020 BUBTL-200329470 06/04/2023 C-1 06/04/2023 Books
        Not For Loan Non-fiction Bangladesh University of Business and Technology Library Bangladesh University of Business and Technology Library Law Stacks 05/25/2023 Purchase 29471   345.056/ Ah52t/ 2020 BUBTL-200329471 06/04/2023 C-2 06/04/2023 Books
        Not For Loan Non-fiction Bangladesh University of Business and Technology Library Bangladesh University of Business and Technology Library Law Stacks 05/25/2023 Purchase 29472   345.056/ Ah52t/ 2020 BUBTL-200329472 06/04/2023 C-3 06/04/2023 Books

More Information About Library

Library Hours

  • Open: 9.00 am. to 9.00 pm.
  • Only Sunday: 9.00 am. to 6.00 pm.
  • Closed: Holiday

Contact to the University

Bangladesh University of Business and Technology Library

  • Mirpurl-2, 1216.
  • Phone:
  • Fax:
  • E-Mail: admin.library@bubt.edu.bd

Contact to the Library

Contact Person:

Md. Abdul Hakim Shah
Joint Librarian
PABX No:  113
Cell No: 01816332931
E-mail: official: admin.library@bubt.edu.bd
Personal: hakim.shah@bubt.edu.bd


BUBT Library

Copyright © 2021